000 01665nam0a2200301 4500
001 rc\3044052
005 20250809113018.0
035 _a(NLR Aleph) 007183907
090 _a88397
_c88397
100 _a20111007d1945 k y0rusy50 ca
101 0 _arus
102 _aRU
105 _aa z 100yy
200 1 _aРешения Конференции по деревянному судостроению
_e[сборник постановлений конференции, 2–6 марта 1944 г., Москва]
_fНародный комиссариат речного флота, Центральное управление деревянного судостроения
210 _aМосква
_cИзд-во Наркомречфлота СССР
_d1945
215 _a19 с.
_cтабл.
_d22
225 1 _aТруды Первой всесоюзной конференции по деревянному судостроению Наркомречфлота СССР
_vвып. 1
711 1 2 _aВсесоюзная конференция по деревянному судостроению
_d1
_f1944
_eМосква
_3RU\NLR\AUTH\880374385
712 0 1 _aСССР
_bНародный комиссариат речного флота
_bЦентральное управление деревянного судостроения
_3RU\NLR\AUTH\8810246820
_4570
801 0 _aRU
_bNLR
_gpsbo
801 1 _aRU
_bELAR
_2rusmarc
852 _aNLR
_jТ90 Г-6/73(1)
942 _cBOOK
945 _aРоссийская национальная библиотека
980 _aNB
980 _aBV
980 _aBV